Southville International School and Colleges
Your cart is empty.
  • Cart
  • Lists
    Public lists Eva Luna New books Lux_list list_1
    Your lists Log in to create your own lists
  • Log in to your account
  • Your cookies
  • Search history
Southville International School and Colleges
  • Advanced search
  • Recent comments
  • Most popular
  • Libraries

Log in to your account

Log in with GOOGLE


If you do not have an external account, but do have a local account, you can still log in:

  1. Home
  2. MARC view: Bird life:
Normal view MARC view ISBD view

Bird life: (Record no. 359445)

[ view plain ]
MARC details
000 -LEADER
fixed length control field 00578nam a2200205Ia 4500
003 - CONTROL NUMBER IDENTIFIER
control field SISC
005 - DATE AND TIME OF LATEST TRANSACTION
control field 20181121065808.0
008 - FIXED-LENGTH DATA ELEMENTS--GENERAL INFORMATION
fixed length control field 181119s9999 xx 000 0 und d
020 ## - INTERNATIONAL STANDARD BOOK NUMBER
International Standard Book Number 9780307640797
050 ## - LIBRARY OF CONGRESS CALL NUMBER
Classification number QL 676
Item number .K92 1991
100 ## - MAIN ENTRY--PERSONAL NAME
Personal name Kress, Stephen W.
245 ## - TITLE STATEMENT
Title Bird life:
Remainder of title a guide to the behavior and biology of birds /
Statement of responsibility, etc Stephen W. Kress
260 ## - PUBLICATION, DISTRIBUTION, ETC. (IMPRINT)
Place of publication, distribution, etc NY :
Name of publisher, distributor, etc Golden Press
Date of publication, distribution, etc 1991
300 ## - PHYSICAL DESCRIPTION
Extent 160 pages :
Other physical details col. illustration ;
Dimensions 19 cm.
500 ## - GENERAL NOTE
General note includes index
650 ## - SUBJECT ADDED ENTRY--TOPICAL TERM
Topical term or geographic name as entry element Birds
650 ## - SUBJECT ADDED ENTRY--TOPICAL TERM
Topical term or geographic name as entry element Birds -- behavior
942 ## - ADDED ENTRY ELEMENTS (KOHA)
Source of classification or shelving scheme Library of Congress Classification
Koha item type Books
Holdings
Withdrawn status Lost status Source of classification or shelving scheme Damaged status Home library Current library Shelving location Date acquired Source of acquisition Total Checkouts Full call number Barcode Date last seen Price effective from Koha item type Public note
    Library of Congress Classification   Luxembourg Library Luxembourg Library Grade School Section 11/19/2018 Donation   QL 676 .K92 1991 20672 11/19/2018 11/19/2018 Books Donated by Mr. Goldman

Bird life:

APA

Kress S. W., . (1991). Bird life. NY: Golden Press.

Chicago

Kress Stephen W, . 1991. Bird life. NY: Golden Press.

Harvard

Kress S. W., . (1991). Bird life. NY: Golden Press.

MLA

Kress Stephen W, . Bird life. NY: Golden Press. 1991.

  • Place hold
  • Print
  • Cite
  • Add to your cart (remove)
  • Save record
    BIBTEX Dublin Core MARCXML MARC (non-Unicode/MARC-8) MARC (Unicode/UTF-8) MARC (Unicode/UTF-8, Standard) MODS (XML) RIS
  • More searches
    Search for this title in:
    Other Libraries (WorldCat) Other Databases (Google Scholar) Online Stores (Bookfinder.com) Open Library (openlibrary.org)

Exporting to Dublin Core...

SOUTHVILLE LIBRARY

Southville International School and Colleges Library

1281 Tropical Ave. Cor. Luxembourg St., BF Homes International, Las Pinas City

Tel. No. 8256374 / 252358 Loc. 117/146

Powered by Koha